Empresa multinacional y Estado - nación: Tortuosa convivencia

Gardado en:
Detalles Bibliográficos
Autor Principal: Christensen, Roberto
Formato: Texto
Publicado: Buenos Aires: Depalma
Edición:2
Etiquetas: Engadir etiqueta
Sen Etiquetas, Sexa o primeiro en etiquetar este rexistro!

MARC

LEADER 00000 a a2200000 04500
001 23666
003
040
090 |a 164000  
100 |a Christensen, Roberto  
245 |a Empresa multinacional y Estado - nación: Tortuosa convivencia  
250 |a 2  
260 |a Buenos Aires:   |b Depalma  
300 |a 389 p  
300 |b **no definido**  
999 |c 15206  |d 15206